[Event "Kimberley Moja op"]
[Site "Kimberley"]
[Date "2023.09.30"]
[Round "2"]
[White "Goosen, Anton"]
[Black "Fawzy, Adham"]
[Result "0-1"]
[WhiteElo "1912"]
[BlackElo "2535"]
[PlyCount "48"]
[EventDate "2023.09.30"]
[EventType "swiss"]
[EventRounds "9"]
[EventCountry "RSA"]
[SourceTitle "EXT 2024"]
[Source "ChessBase"]
[SourceDate "2023.10.10"]
[SourceVersion "1"]
[SourceVersionDate "2023.10.10"]
[SourceQuality "1"]

1. d4 Nf6 2. Nc3 d6 3. e4 Nbd7 4. Nf3 e5 5. Bc4 Be7 6. Bxf7+ Kxf7 7. Ng5+ Kg8 8. Ne6 Qe8 9. Nxc7 Qg6 10. Nxa8 Qxg2 11. Rf1 exd4 12. Qe2 dxc3 13. Qc4+ d5 14. Qxc8+ Kf7 15. Qxh8 Qxe4+ 16. Kd1 Qf3+ 17. Ke1 cxb2 18. Bxb2 Bb4+ 19. c3 Bxc3+ 20. Bxc3 Qxc3+ 21. Ke2 Ne5 22. f3 Qc2+ 23. Ke3 Nc4+ 24. Kf4 Qxh2+ 0-1

[Event "Sandton SWVG rapid op"]
[Site "Sandton"]
[Date "2019.05.18"]
[Round "2"]
[White "Goosen, Anton"]
[Black "Grover, Sahaj"]
[Result "0-1"]
[WhiteElo "1965"]
[BlackElo "2475"]
[PlyCount "54"]
[EventDate "2019.05.18"]
[EventType "swiss (rapid)"]
[EventRounds "10"]
[EventCountry "RSA"]
[SourceTitle "CBM 190 Extra"]
[Source "ChessBase"]
[SourceDate "2019.07.15"]
[SourceVersion "1"]
[SourceVersionDate "2019.07.15"]
[SourceQuality "1"]

1. d4 d5 2. Bf4 c5 3. e3 Nc6 4. c3 Qb6 5. Qb3 c4 6. Qc2 Bf5 7. Qxf5 Qxb2 8. Qxd5 Qxa1 9. Qb5 0-0-0 10. Bxc4 e5 11. Bxe5 Bb4 12. Bd3 Bxc3+ 13. Kd1 Nge7 14. Ne2 Bb4 15. a3 Bxa3 16. Nec3 Bb4 17. Bxg7 Bxc3 18. Bxh8 Rxh8 19. d5 a6 20. Qc4 Nxd5 21. Qxd5 Rd8 22. Qf5+ Kb8 23. Ke2 Qb2+ 24. Kf3 Ne5+ 25. Kg3 Nxd3 26. Rd1 Rg8+ 27. Kh4 Bf6+ 0-1

[Event "Sandton SWVG rapid op"]
[Site "Sandton"]
[Date "2019.05.18"]
[Round "4"]
[White "Goosen, Anton"]
[Black "Khumalo, Keith"]
[Result "0-1"]
[WhiteElo "1965"]
[BlackElo "1847"]
[PlyCount "92"]
[EventDate "2019.05.18"]
[EventType "swiss (rapid)"]
[EventRounds "10"]
[EventCountry "RSA"]
[SourceTitle "CBM 190 Extra"]
[Source "ChessBase"]
[SourceDate "2019.07.15"]
[SourceVersion "1"]
[SourceVersionDate "2019.07.15"]
[SourceQuality "1"]

1. d4 Nf6 2. Bg5 d5 3. e3 Nbd7 4. c4 e6 5. Nc3 c6 6. cxd5 exd5 7. Bd3 h6 8. Bh4 Be7 9. Nge2 0-0 10. h3 Re8 11. g4 Ne4 12. Bxe7 Qxe7 13. Nxe4 dxe4 14. Bc2 Qb4+ 15. Nc3 Nf6 16. Rb1 a5 17. Qd2 Qe7 18. Bb3 Nh7 19. Bc4 Qh4 20. Qc2 Bxg4 21. Be2 Bxe2 22. Qxe2 Re6 23. Kd2 Rf6 24. Rbf1 Ng5 25. Kc2 b5 26. Kb1 Rf3 27. a3 Rxh3 28. Rxh3 Qxh3 29. Rg1 Qe6 30. d5 Qe5 31. dxc6 Rb8 32. Rd1 b4 33. Nb5 Ne6 34. a4 Rc8 35. Qc4 Nc7 36. Rd4 Qh5 37. Nxc7 Rxc7 38. Rd7 Rxd7 39. cxd7 Qd1+ 40. Ka2 Qxa4+ 41. Kb1 Qd1+ 42. Ka2 Qxd7 43. Kb3 Qe6 44. Qxe6 fxe6 45. Kc4 h5 46. Kd4 a4 0-1

[Event "Sandton SWVG rapid op"]
[Site "Sandton"]
[Date "2019.05.18"]
[Round "3"]
[White "Levy, Darren"]
[Black "Goosen, Anton"]
[Result "0-1"]
[WhiteElo "1836"]
[BlackElo "1965"]
[PlyCount "124"]
[EventDate "2019.05.18"]
[EventType "swiss (rapid)"]
[EventRounds "10"]
[EventCountry "RSA"]
[SourceTitle "CBM 190 Extra"]
[Source "ChessBase"]
[SourceDate "2019.07.15"]
[SourceVersion "1"]
[SourceVersionDate "2019.07.15"]
[SourceQuality "1"]

1. g3 d5 2. Bg2 c6 3. d4 Nf6 4. Nc3 g6 5. e4 dxe4 6. Nxe4 Nxe4 7. Bxe4 Bg7 8. Be3 0-0 9. Qd2 Nd7 10. 0-0-0 Nf6 11. Bg2 Ng4 12. Bf4 e5 13. dxe5 Qxd2+ 14. Rxd2 Nxe5 15. b3 Bf5 16. Nf3 Rfe8 17. Nd4 Bd7 18. Nf3 Bg4 19. Nxe5 Bxe5 20. Bxe5 Rxe5 21. h3 Be6 22. Rhd1 Kg7 23. Rd8 Rxd8 24. Rxd8 Re1+ 25. Rd1 Re2 26. Rd2 Re1+ 27. Rd1 Rxd1+ 28. Kxd1 Kf6 29. Kd2 Ke5 30. c3 a5 31. f4+ Kd6 32. Ke3 a4 33. bxa4 Bxa2 34. Kd4 b6 35. c4 Bb3 36. Bf3 Bxa4 37. Kc3 Kc5 38. g4 b5 39. cxb5 cxb5 40. h4 b4+ 41. Kd2 Kd4 42. f5 gxf5 43. gxf5 Ke5 44. Be2 h6 45. Bd3 Bd7 46. Bc4 f6 47. Kc2 Bxf5+ 48. Kb2 Be6 49. Be2 Kf4 50. Kc2 Bg4 51. Bc4 Kg3 52. Kb3 Kxh4 53. Kxb4 Kg3 54. Kc3 Bf3 55. Kd2 h5 56. Ke1 Bg2 57. Be6 h4 58. Ke2 h3 59. Bxh3 Bxh3 60. Ke3 f5 61. Ke2 f4 62. Ke1 f3 0-1

[Event "Africa-ch U2300 op"]
[Site "Windhoek"]
[Date "2019.01.02"]
[Round "3.1"]
[White "Dimba, James"]
[Black "Goosen, Anton"]
[Result "1/2-1/2"]
[WhiteElo "2029"]
[BlackElo "1993"]
[PlyCount "76"]
[EventDate "2018.12.31"]
[EventType "swiss"]
[EventRounds "9"]
[EventCountry "NAM"]
[SourceTitle "EXT 2024"]
[Source "ChessBase"]
[SourceDate "2023.10.10"]
[SourceVersion "1"]
[SourceVersionDate "2023.10.10"]
[SourceQuality "1"]

1. e4 e6 2. d4 d5 3. Nc3 Nf6 4. Bg5 dxe4 5. Nxe4 Be7 6. Nxf6+ Bxf6 7. Be3 c5 8. Nf3 Nc6 9. c3 cxd4 10. Nxd4 Nxd4 11. Bxd4 Bxd4 12. Qxd4 Qxd4 13. cxd4 Bd7 14. Kd2 Bc6 15. Ke3 Ke7 16. Bd3 Rad8 17. f3 Rd6 18. Rhd1 f5 19. f4 h6 20. g3 g5 21. b4 g4 22. Bc4 Bf3 23. Rd2 Rc8 24. Bb3 Rc3+ 25. Rd3 Rxd3+ 26. Kxd3 Be4+ 27. Kc3 Rc6+ 28. Kb2 Kd6 29. a3 h5 30. Rc1 Rxc1 31. Kxc1 Bd5 32. Ba4 Bc4 33. Kd2 b5 34. Bc2 a6 35. Kc3 Kd5 36. a4 Kc6 37. axb5+ axb5 38. Bd3 Kb6 1/2-1/2

[Event "Africa KCF Inv tt"]
[Site "Brakpan"]
[Date "2017.10.08"]
[Round "7.2"]
[White "Goosen, Anton"]
[Black "Luanja, Geoffrey"]
[Result "0-1"]
[WhiteElo "2025"]
[BlackElo "2182"]
[PlyCount "122"]
[EventDate "2017.10.05"]
[EventType "team-tourn"]
[EventRounds "7"]
[EventCountry "RSA"]
[SourceTitle "CBM 181 Extra"]
[Source "ChessBase"]
[SourceDate "2017.12.12"]
[SourceVersion "1"]
[SourceVersionDate "2017.12.12"]
[SourceQuality "1"]
[WhiteTeam "SA Veterans"]
[BlackTeam "Zambia"]
[WhiteTeamCountry "RSA"]
[BlackTeamCountry "ZAM"]

1. d4 d5 2. Bf4 c5 3. e3 Nf6 4. c3 Nc6 5. Nd2 e6 6. Ngf3 Bd6 7. Bg3 Qe7 8. Ne5 cxd4 9. exd4 Bxe5 10. dxe5 Nd7 11. Nf3 Nc5 12. Nd4 0-0 13. Nb3 b6 14. Nxc5 bxc5 15. Bd3 c4 16. Bc2 Rb8 17. Rb1 Rb6 18. Qh5 g6 19. Qh6 f6 20. exf6 Qxf6 21. 0-0 d4 22. cxd4 Nxd4 23. Bh4 Qf7 24. Qd2 Rd6 25. Qb4 Rd7 26. Bd1 Bb7 27. f3 Bd5 28. Qc3 e5 29. Bf2 Qf6 30. Bxd4 exd4 31. Qd2 Rb7 32. Bc2 d3 33. Ba4 Rfb8 34. b3 Qd4+ 35. Qf2 Qxf2+ 36. Kxf2 c3 37. Ke3 d2 38. Kd3 Bc4+ 39. Kxc3 Bxf1 40. Rxf1 Rd8 41. Rd1 Rc7+ 42. Kb2 Rd5 43. b4 Kg7 44. Bb3 Rd4 45. a3 Kf6 46. Bc2 Ke5 47. g3 Rd6 48. Be4 g5 49. h3 h5 50. Bc2 Rf7 51. Rf1 Kd4 52. Bd1 Ke3 53. f4 gxf4 54. Bxh5 f3 55. Bxf7 d1Q 56. Rxd1 Rxd1 57. b5 Rd4 58. b6 axb6 59. Be8 f2 60. Bb5 Rd3 61. Bxd3 Kxd3 0-1

[Event "Africa KCF Inv tt"]
[Site "Brakpan"]
[Date "2017.10.07"]
[Round "4.2"]
[White "De Abreu, Roberto N"]
[Black "Goosen, Anton"]
[Result "0-1"]
[WhiteElo "2142"]
[BlackElo "2025"]
[PlyCount "104"]
[EventDate "2017.10.05"]
[EventType "team-tourn"]
[EventRounds "7"]
[EventCountry "RSA"]
[SourceTitle "CBM 181 Extra"]
[Source "ChessBase"]
[SourceDate "2017.12.12"]
[SourceVersion "1"]
[SourceVersionDate "2017.12.12"]
[SourceQuality "1"]
[WhiteTeam "SA Emerging Players"]
[BlackTeam "SA Veterans"]
[WhiteTeamCountry "RSA"]
[BlackTeamCountry "RSA"]

1. d4 d5 2. c4 c6 3. Nf3 Nf6 4. Nc3 e6 5. g3 dxc4 6. Bg2 b5 7. Ne5 a6 8. 0-0 Bb7 9. b3 cxb3 10. axb3 Nbd7 11. Nd3 Qb6 12. Be3 Ng4 13. Ne4 Nxe3 14. fxe3 Be7 15. b4 0-0 16. Ndc5 Rfd8 17. Qb3 Nxc5 18. bxc5 Qc7 19. Rxf7 Kxf7 20. Rf1+ Bf6 21. Ng5+ Ke8 22. Qxe6+ Qe7 23. Qg8+ Kd7 24. Bh3+ Kc7 25. Ne6+ Kb8 26. Nxd8 Qxd8 27. Qxd8+ Bxd8 28. Rf8 Ka7 29. Rf7 a5 30. d5 Ka6 31. d6 b4 32. Be6 a4 33. Bc4+ Ka7 34. Rxg7 b3 35. Rf7 b2 36. Ba2 Rb8 37. Bb1 Ka6 38. Rf4 Kb5 39. Bd3+ Kxc5 40. Rxa4 Bc8 41. Kg2 Kxd6 42. Bb1 Rb3 43. e4 Bf6 44. Rc4 c5 45. Kf1 Ra3 46. e5+ Bxe5 47. Bxh7 Kd5 48. Rh4 Bd4 49. Rh5+ Kc4 50. Kg2 Bg4 51. Rh6 Bxe2 52. Rb6 Bd3 0-1

[Event "RSA-chT Inter Provincial"]
[Site "Bloemfontein"]
[Date "2017.09.01"]
[Round "2.1"]
[White "Goosen, Anton"]
[Black "Jere, Daniel"]
[Result "1-0"]
[WhiteElo "1987"]
[BlackElo "2389"]
[PlyCount "123"]
[EventDate "2017.08.31"]
[EventType "team-swiss"]
[EventRounds "6"]
[EventCountry "RSA"]
[SourceTitle "CBM 180 Extra"]
[Source "ChessBase"]
[SourceDate "2017.10.06"]
[SourceVersion "1"]
[SourceVersionDate "2017.10.06"]
[SourceQuality "1"]
[WhiteTeam "North West"]
[BlackTeam "Gauteng"]
[WhiteTeamCountry "RSA"]
[BlackTeamCountry "RSA"]

1. d4 Nf6 2. Bf4 g6 3. Nc3 Bg7 4. e4 d6 5. Qd2 c6 6. f3 Qa5 7. Bd3 b5 8. Nge2 Nbd7 9. 0-0 e5 10. Nxb5 Qxd2 11. Nxd6+ Ke7 12. Nxc8+ Rhxc8 13. Bxd2 exd4 14. Nxd4 c5 15. Nb5 Ne8 16. Bc3 c4 17. Be2 Rab8 18. Bxg7 Nxg7 19. Na3 Rxb2 20. Bxc4 Rb4 21. Bb3 a5 22. Rfd1 Nb6 23. Rac1 Rc3 24. Nb1 Rc7 25. c3 Rb5 26. Bd5 Rbc5 27. Rd3 Nh5 28. g3 Nf6 29. Bb3 Nfd7 30. f4 Rb5 31. Re3 a4 32. Na3 Rxb3 33. axb3 axb3 34. Rb1 Nc5 35. c4 Kd7 36. e5 Ra7 37. Rexb3 Nxb3 38. Rxb3 Kc6 39. Kg2 Kc5 40. Rb5+ Kc6 41. Rb3 Kc5 42. Kh3 Nxc4 43. Nxc4 Kxc4 44. Rb6 Kd5 45. Kg4 h6 46. Rb8 Ke6 47. Re8+ Kd7 48. Rh8 h5+ 49. Kg5 Ke7 50. f5 gxf5 51. Kxf5 Ra2 52. Rxh5 Re2 53. h4 Kf8 54. Rg5 Ke7 55. g4 Rf2+ 56. Ke4 Rh2 57. h5 Rh1 58. Rf5 Re1+ 59. Kf4 Ke6 60. Kg5 Re4 61. h6 Re1 62. h7 1-0

[Event "RSA-chT Inter Provincial"]
[Site "Bloemfontein"]
[Date "2017.09.01"]
[Round "3.1"]
[White "Nkosi, Dumisa Jacob"]
[Black "Goosen, Anton"]
[Result "0-1"]
[WhiteElo "1825"]
[BlackElo "1987"]
[PlyCount "110"]
[EventDate "2017.08.31"]
[EventType "team-swiss"]
[EventRounds "6"]
[EventCountry "RSA"]
[SourceTitle "CBM 180 Extra"]
[Source "ChessBase"]
[SourceDate "2017.10.06"]
[SourceVersion "1"]
[SourceVersionDate "2017.10.06"]
[SourceQuality "1"]
[WhiteTeam "Mpumalanga"]
[BlackTeam "North West"]
[WhiteTeamCountry "RSA"]
[BlackTeamCountry "RSA"]

1. Nf3 Nf6 2. c4 g6 3. g3 Bg7 4. Bg2 0-0 5. Nc3 d6 6. d4 c6 7. b4 Be6 8. Qd3 d5 9. c5 Bf5 10. Qd1 Ne4 11. Qb3 Nd7 12. Bf4 a5 13. 0-0 axb4 14. Qxb4 Qa5 15. Qxa5 Rxa5 16. Nxe4 Bxe4 17. Rfd1 Rfa8 18. Rd2 Nxc5 19. Rc1 Ne6 20. Rb2 Nxf4 21. gxf4 R8a7 22. Ne5 Bxe5 23. fxe5 Bxg2 24. Kxg2 Rxa2 25. Rcb1 Rxb2 26. Rxb2 b5 27. Kf3 Kf8 28. Kf4 h6 29. e6 f6 30. e4 Ra4 31. Ke3 dxe4 32. Kxe4 c5 33. Rxb5 Rxd4+ 34. Ke3 Rd6 35. Rxc5 Rxe6+ 36. Kf4 Kf7 37. f3 g5+ 38. Kg4 Kg6 39. Rc8 f5+ 40. Kg3 Re2 41. Rg8+ Kh5 42. f4 Re3+ 43. Kf2 gxf4 44. Rf8 Kg5 45. Rg8+ Kf6 46. Rh8 Rh3 47. Kg2 Rh4 48. Ra8 e5 49. Ra6+ Kg5 50. h3 e4 51. Rd6 f3+ 52. Kg3 f4+ 53. Kh2 e3 54. Re6 Kf5 55. Re8 Rh5 0-1

[Event "South African op"]
[Site "Durban"]
[Date "2017.07.20"]
[Round "9"]
[White "Goosen, Anton"]
[Black "Rooplal, Desmond"]
[Result "0-1"]
[WhiteElo "2004"]
[BlackElo "1686"]
[PlyCount "82"]
[EventDate "2017.07.14"]
[EventType "swiss"]
[EventRounds "11"]
[EventCountry "RSA"]
[SourceTitle "CBM 179 Extra"]
[Source "ChessBase"]
[SourceDate "2017.08.23"]
[SourceVersion "1"]
[SourceVersionDate "2017.08.23"]
[SourceQuality "1"]

1. d4 Nf6 2. Bf4 d5 3. e3 c5 4. Nc3 a6 5. Nf3 Nc6 6. Ne5 cxd4 7. Nxc6 bxc6 8. exd4 Bf5 9. Be2 e6 10. g4 Bg6 11. h4 h6 12. h5 Be4 13. Nxe4 Nxe4 14. Bd3 Bd6 15. Be3 Bb4+ 16. Kf1 Be7 17. Bxe4 dxe4 18. c4 f5 19. Qa4 Qd6 20. gxf5 exf5 21. d5 0-0 22. Qxc6 Qxc6 23. dxc6 Rac8 24. Rd1 Rxc6 25. b3 f4 26. Bc1 e3 27. Rd7 Re6 28. f3 Rf5 29. Ke2 Rg5 30. Rh2 Rg1 31. Rd1 Rg5 32. Bb2 Bf6 33. Bxf6 Rxf6 34. Rd4 Kf7 35. b4 Rg1 36. Rd1 Rg5 37. c5 a5 38. Rc1 axb4 39. c6 Rd6 40. Rc2 Rg1 41. c7 Rdd1 0-1

[Event "South African op"]
[Site "Durban"]
[Date "2017.07.15"]
[Round "3"]
[White "Kobese, Watu"]
[Black "Goosen, Anton"]
[Result "1/2-1/2"]
[WhiteElo "2367"]
[BlackElo "2004"]
[PlyCount "36"]
[EventDate "2017.07.14"]
[EventType "swiss"]
[EventRounds "11"]
[EventCountry "RSA"]
[SourceTitle "CBM 179 Extra"]
[Source "ChessBase"]
[SourceDate "2017.08.23"]
[SourceVersion "1"]
[SourceVersionDate "2017.08.23"]
[SourceQuality "1"]

1. e4 c6 2. d4 d5 3. exd5 cxd5 4. c4 Nf6 5. Nc3 Nc6 6. Bg5 Ne4 7. Nxe4 dxe4 8. d5 Ne5 9. Qd4 f6 10. Qxe4 Qb6 11. 0-0-0 g6 12. Be3 Qa5 13. f4 Bf5 14. Qd4 Nxc4 15. Bxc4 Rc8 16. Qc3 Qxc3+ 17. bxc3 Rxc4 18. Kb2 Be4 1/2-1/2

[Event "Durban Ethekwini op"]
[Site "Durban"]
[Date "2017.03.19"]
[Round "3"]
[White "Goosen, Anton"]
[Black "Mwale, Joseph"]
[Result "0-1"]
[WhiteElo "1984"]
[BlackElo "2132"]
[PlyCount "108"]
[EventDate "2017.03.18"]
[EventType "swiss"]
[EventRounds "7"]
[EventCountry "RSA"]
[SourceTitle "CBM 177 Extra"]
[Source "ChessBase"]
[SourceDate "2017.04.27"]
[SourceVersion "1"]
[SourceVersionDate "2017.04.27"]
[SourceQuality "1"]

1. d4 Nf6 2. Bf4 e6 3. e3 d5 4. Nf3 Be7 5. h3 b6 6. Bd3 Bb7 7. 0-0 0-0 8. c3 Nbd7 9. a4 c5 10. a5 bxa5 11. Qa4 Qb6 12. Nbd2 c4 13. Bc2 Bc6 14. Qa2 Bd8 15. Rfb1 Bc7 16. Bxc7 Qxc7 17. Qxa5 Rfc8 18. Qxc7 Rxc7 19. b3 cxb3 20. Rxb3 Rac8 21. Bd3 Nb6 22. Ne5 Ba8 23. Rba3 Ne8 24. Rxa7 Rxc3 25. R7a6 f6 26. Rxb6 fxe5 27. Ba6 Rc1+ 28. Rxc1 Rxc1+ 29. Kh2 exd4 30. Rb8 Bc6 31. exd4 Bd7 32. Nf3 Kf8 33. Ne5 Ba4 34. Bc8 Ke7 35. Ra8 Bb5 36. Ra5 Nc7 37. Bb7 Rd1 38. Nf3 Kd6 39. Ra2 Bc4 40. Ra4 Rb1 41. Ra7 Nb5 42. Ra6+ Kc7 43. Rxe6 Kxb7 44. Re7+ Kb6 45. Rxg7 Bd3 46. Ne5 Bc2 47. Nd7+ Kc6 48. Ne5+ Kd6 49. Nf3 Rd1 50. Rg4 Be4 51. Rh4 Bxf3 52. gxf3 Nxd4 53. Kg2 Rg1+ 54. Kxg1 Nxf3+ 0-1

[Event "Durban Ethekwini op"]
[Site "Durban"]
[Date "2017.03.18"]
[Round "1"]
[White "Goosen, Anton"]
[Black "Pather, Sachen"]
[Result "1-0"]
[WhiteElo "1984"]
[BlackElo "1398"]
[PlyCount "103"]
[EventDate "2017.03.18"]
[EventType "swiss"]
[EventRounds "7"]
[EventCountry "RSA"]
[SourceTitle "CBM 177 Extra"]
[Source "ChessBase"]
[SourceDate "2017.04.27"]
[SourceVersion "1"]
[SourceVersionDate "2017.04.27"]
[SourceQuality "1"]

1. d4 d5 2. Bf4 Nf6 3. e3 e6 4. Nf3 c5 5. Nc3 Nc6 6. Nb5 Qa5+ 7. c3 Kd7 8. a3 c4 9. a4 Ne8 10. e4 a6 11. exd5 exd5 12. Na3 Bd6 13. Ne5+ Ke7 14. Qh5 Be6 15. Nxc6+ bxc6 16. Nxc4 Qc7 17. Nxd6 Nxd6 18. Qg5+ Kf8 19. Qg3 Rd8 20. Bxa6 Qe7 21. Bxd6 Qxd6 22. Qxd6+ Rxd6 23. Bd3 Ke7 24. b4 Rb8 25. a5 Rd7 26. Kd2 Ra7 27. h4 h6 28. Rhe1 Kd6 29. f4 Re7 30. f5 Bd7 31. Rxe7 Kxe7 32. g4 Kd6 33. Re1 Rf8 34. Ke3 Re8+ 35. Kf2 Rf8 36. Kf3 g6 37. Kf4 Bc8 38. a6 gxf5 39. a7 Bb7 40. Kxf5 Bc8+ 41. Kf6 Bxg4 42. Ra1 Ra8 43. Kxf7 Kc7 44. Kg6 h5 45. Kg5 Kb6 46. Bg6 Rxa7 47. Rxa7 Kxa7 48. Bxh5 Be6 49. Be8 Kb6 50. h5 Bg8 51. Kg6 Kb5 52. Bf7 1-0

[Event "Pretoria FM-A"]
[Site "Pretoria"]
[Date "2012.05.01"]
[Round "9"]
[White "Goosen, Anton"]
[Black "Steenkamp, Johan J"]
[Result "1/2-1/2"]
[WhiteElo "2132"]
[BlackElo "2190"]
[PlyCount "45"]
[EventDate "2012.04.27"]
[EventType "tourn"]
[EventRounds "9"]
[EventCountry "RSA"]
[SourceTitle "CBM 148 Extra"]
[Source "ChessBase"]
[SourceDate "2012.06.22"]
[SourceVersion "1"]
[SourceVersionDate "2012.06.22"]
[SourceQuality "1"]

1. d4 d5 2. Bf4 e6 3. e3 Nf6 4. Bd3 c5 5. c3 Nc6 6. Nd2 Bd6 7. Bxd6 Qxd6 8. Ngf3 0-0 9. 0-0 b6 10. Re1 Bb7 11. Qe2 Rad8 12. Rad1 Rfe8 13. e4 e5 14. dxe5 Nxe5 15. Nxe5 Qxe5 16. Nf3 Qh5 17. e5 c4 18. Bxc4 Ng4 19. Qd2 Nxe5 20. Rxe5 Rxe5 21. Nxe5 Qxe5 22. Bf1 Kf8 23. Qd4 1/2-1/2

[Event "Commonwealth-ch RSA op"]
[Site "Gauteng"]
[Date "2011.07.03"]
[Round "11"]
[White "Bhawoodien, Mohamed Ozayr"]
[Black "Goosen, Anton"]
[Result "1/2-1/2"]
[WhiteElo "1859"]
[BlackElo "2182"]
[PlyCount "102"]
[EventDate "2011.06.25"]
[EventType "swiss"]
[EventRounds "11"]
[EventCountry "RSA"]
[SourceTitle "CBM 143 Extra"]
[Source "ChessBase"]
[SourceDate "2011.08.29"]
[SourceVersion "1"]
[SourceVersionDate "2011.08.29"]
[SourceQuality "1"]

1. d4 Nf6 2. c4 e6 3. Nf3 Bb4+ 4. Nbd2 0-0 5. a3 Be7 6. e4 d5 7. cxd5 exd5 8. e5 Ne4 9. Bd3 f5 10. exf6 Bxf6 11. Qb3 Nxd2 12. Bxd2 Re8+ 13. Be3 Nc6 14. 0-0-0 Bg4 15. Qc2 h6 16. h3 Bxf3 17. gxf3 Bg5 18. f4 Bf6 19. Rhg1 Qd6 20. Bf1 Ne7 21. Rg3 Qc6 22. Bd3 Qxc2+ 23. Bxc2 Kf7 24. Re1 Rad8 25. Rg2 b6 26. f3 Rd6 27. f5 Rh8 28. Bf4 Bg5 29. Bxg5 hxg5 30. Rxg5 Rxh3 31. Reg1 Rh7 32. Rg6 Rf6 33. Re1 Rh3 34. Rg5 Kf8 35. Reg1 Rf7 36. Rf1 Rh6 37. Re1 Rhf6 38. Re5 c6 39. Kd2 Rh6 40. Rg2 Rh4 41. Ke3 Rh5 42. f6 Rxe5+ 43. dxe5 gxf6 44. e6 Rg7 45. Rh2 Ng6 46. f4 Ne7 47. Rh6 Ng8 48. Rh8 Ke7 49. f5 Kd6 50. Kf4 c5 51. Bd1 c4 1/2-1/2